Countries by child mortality rates - Statistics

General Stats
  • This quiz has been taken 23 times
  • The average score is 7 of 10
Answer Stats
Rate Country % Correct
113.8 Chad
81%
117.2 Nigeria
81%
117.0 Somalia
81%
96.2 South Sudan
67%
87.5 Burkina Faso
62%
110.1 Central African Republic
62%
98.8 Guinea
62%
94.0 Mali
62%
90.3 Benin
48%
109.2 Sierra Leone
48%
No matching quizzes found
Score Distribution
Percent of People with Each Score
Percentile by Number Answered
Your Score History
You have not taken this quiz